[Event "POR-chT"]
[Site "Soure"]
[Date "2025.07.18"]
[Round "6.7"]
[White "Iturrizaga Bonelli, Eduardo"]
[Black "Kadric, Denis"]
[Result "1-0"]
[WhiteElo "2578"]
[BlackElo "2543"]
[PlyCount "93"]
[EventDate "2025.07.14"]
[EventType "team-tourn"]
[EventRounds "9"]
[EventCountry "POR"]
[SourceTitle "CB30_2025"]
[SourceDate "2025.07.23"]
[SourceVersion "1"]
[SourceVersionDate "2025.07.23"]
[SourceQuality "1"]
[WhiteTeam "Gaia"]
[BlackTeam "Estrelas S Joao de Brito"]
[WhiteTeamCountry "POR"]
[BlackTeamCountry "POR"]

1. d4 Nf6 2. c4 d6 3. Nf3 g6 4. Nc3 Bg7 5. e4 0-0 6. Be2 Na6 7. 0-0 e5 8. Be3 c6 9. h3 exd4 10. Nxd4 Re8 11. Bf3 Nc5 12. Qc2 Qe7 13. Rfe1 a5 14. Rad1 Nfd7 15. b3 h5 16. g3 h4 17. g4 Nf8 18. Bg2 Nce6 19. Qd2 Nxd4 20. Bxd4 Bxd4 21. Qxd4 Qe5 22. Na4 b5 23. cxb5 cxb5 24. Nb6 Ra6 25. Nd5 Qxd4 26. Rxd4 Ne6 27. Nf6+ Kf8 28. Rd5 Rd8 29. Rxb5 a4 30. b4 Nd4 31. Rb8 Ra7 32. Nd5 Nc6 33. Rb6 Ne5 34. f4 Nd3 35. Re3 Nb2 36. Rb8 Ke8 37. Bf1 Rb7 38. Rxb7 Bxb7 39. Bb5+ Kf8 40. a3 Bxd5 41. exd5 Rc8 42. Bc6 Nc4 43. Rc3 Nb6 44. Rd3 Rc7 45. Re3 Nc4 46. Re8+ Kg7 47. b5 1-0

[Event "Benasque op 44th"]
[Site "Benasque"]
[Date "2025.07.11"]
[Round "8"]
[White "Travadon, Loic"]
[Black "Iturrizaga Bonelli, Eduardo"]
[Result "1/2-1/2"]
[WhiteElo "2477"]
[BlackElo "2578"]
[PlyCount "20"]
[EventDate "2025.07.04"]
[EventType "swiss"]
[EventRounds "10"]
[EventCountry "ESP"]
[SourceTitle "CB29_2025"]
[SourceDate "2025.07.16"]
[SourceVersion "1"]
[SourceVersionDate "2025.07.16"]
[SourceQuality "1"]

1. e4 c6 2. Nf3 d5 3. Nc3 g6 4. d4 Bg7 5. h3 dxe4 6. Nxe4 Nf6 7. Bd3 0-0 8. 0-0 Nxe4 9. Bxe4 Nd7 10. c3 e5 1/2-1/2

[Event "AUT-chT Blitz"]
[Site "Pasching"]
[Date "2025.05.31"]
[Round "3.11"]
[White "Iturrizaga Bonelli, Eduardo"]
[Black "Koellner, Ruben Gideon"]
[Result "1/2-1/2"]
[WhiteElo "2578"]
[BlackElo "2503"]
[PlyCount "110"]
[EventDate "2025.05.31"]
[EventType "team-swiss (blitz)"]
[EventRounds "13"]
[EventCountry "AUT"]
[SourceTitle "CB23_2025"]
[SourceDate "2025.06.04"]
[SourceVersion "1"]
[SourceVersionDate "2025.06.04"]
[SourceQuality "1"]
[WhiteTeam "JEEG"]
[BlackTeam "Skull Kings"]
[WhiteTeamCountry "ESP"]
[BlackTeamCountry "GER"]

1. c4 d6 2. Nc3 Nf6 3. g3 e5 4. Bg2 Be7 5. e3 c6 6. d4 Be6 7. d5 cxd5 8. cxd5 Bd7 9. Nge2 0-0 10. 0-0 b5 11. a3 a5 12. Qd3 Qb6 13. e4 Na6 14. Be3 Qb7 15. h3 b4 16. axb4 axb4 17. Na2 Rfc8 18. Rfc1 b3 19. Nac3 Nb4 20. Qd2 Rxa1 21. Rxa1 Nc2 22. Ra7 Qb8 23. Ra6 Nxe3 24. Qxe3 Ne8 25. Nc1 Nc7 26. Ra3 h6 27. Rxb3 Qa8 28. h4 Na6 29. Nd3 Nc5 30. Nxc5 Rxc5 31. Ra3 Qb8 32. Qd2 Bd8 33. Kh2 Bb6 34. Bh3 Be8 35. Na4 Bxa4 36. Rxa4 Rc7 37. Qb4 Ra7 38. Rxa7 Bxa7 39. Qd2 Bd4 40. b4 Qb6 41. Kg2 g6 42. Bg4 h5 43. Bd1 Kg7 44. Ba4 Qa7 45. Bc6 Qb6 46. b5 Bc5 47. Qe2 Qa7 48. Qf3 Bb6 49. Qe2 Bc5 50. Qd2 Qb6 51. Qa2 Qa7 52. Qxa7 Bxa7 53. f3 Bb6 54. Bd7 Kf8 55. Bc6 Ke7 1/2-1/2

[Event "PlusCity Grand Prix Blitz"]
[Site "Pasching"]
[Date "2025.05.29"]
[Round "8"]
[White "Iturrizaga Bonelli, Eduardo"]
[Black "Petrov, Nikita"]
[Result "0-1"]
[WhiteElo "2578"]
[BlackElo "2563"]
[PlyCount "64"]
[EventDate "2025.05.29"]
[EventType "swiss (blitz)"]
[EventRounds "13"]
[EventCountry "AUT"]
[SourceTitle "CB23_2025"]
[SourceDate "2025.06.04"]
[SourceVersion "1"]
[SourceVersionDate "2025.06.04"]
[SourceQuality "1"]

1. c4 Nf6 2. Nc3 e5 3. d3 Bb4 4. Bd2 0-0 5. Nf3 Re8 6. e3 c6 7. a3 Bf8 8. Be2 d5 9. cxd5 cxd5 10. d4 e4 11. Ne5 Nbd7 12. Nxd7 Bxd7 13. 0-0 Bd6 14. Qb3 Bc6 15. Rac1 Rc8 16. h3 Bb8 17. Rfd1 h5 18. Bf1 Qd6 19. g3 h4 20. Ne2 Nh5 21. Be1 Qg6 22. Kh2 Qh6 23. Bg2 g5 24. Kg1 Nf6 25. g4 Nd7 26. Rc2 Nb6 27. Rdc1 Qd6 28. Qb4 Qd7 29. b3 f5 30. gxf5 Qxf5 31. a4 g4 32. a5 gxh3 0-1

[Event "PlusCity Grand Prix Blitz"]
[Site "Pasching"]
[Date "2025.05.29"]
[Round "4"]
[White "Iturrizaga Bonelli, Eduardo"]
[Black "Subelj, Jan"]
[Result "1-0"]
[WhiteElo "2578"]
[BlackElo "2537"]
[PlyCount "80"]
[EventDate "2025.05.29"]
[EventType "swiss (blitz)"]
[EventRounds "13"]
[EventCountry "AUT"]
[SourceTitle "CB23_2025"]
[SourceDate "2025.06.04"]
[SourceVersion "1"]
[SourceVersionDate "2025.06.04"]
[SourceQuality "1"]

1. c4 e6 2. Nf3 d5 3. g3 Nf6 4. Bg2 d4 5. d3 Bb4+ 6. Nbd2 a5 7. Ne5 Nbd7 8. Nxd7 Qxd7 9. 0-0 0-0 10. Nf3 Re8 11. e3 dxe3 12. Bxe3 e5 13. a3 Bf8 14. h3 c6 15. Re1 e4 16. dxe4 Qxd1 17. Raxd1 Nxe4 18. Bb6 Ra6 19. c5 f5 20. Ng5 Ra8 21. Nxe4 fxe4 22. g4 h5 23. Bxe4 Be6 24. Bg6 Re7 25. Bxh5 Kh7 26. f4 Bd5 27. f5 Bf3 28. Rc1 Kh8 29. Kf2 Bd5 30. Kg3 a4 31. g5 Be4 32. Kf4 Bd5 33. Rxe7 Bxe7 34. Re1 Bf8 35. Bg6 Kg8 36. h4 Bf7 37. h5 Rc8 38. Bxf7+ Kxf7 39. g6+ Kg8 40. h6 Ra8 1-0

[Event "PlusCity Grand Prix Blitz"]
[Site "Pasching"]
[Date "2025.05.29"]
[Round "2"]
[White "Iturrizaga Bonelli, Eduardo"]
[Black "Wahedi, Ahmad Siar"]
[Result "1-0"]
[WhiteElo "2578"]
[BlackElo "2239"]
[PlyCount "111"]
[EventDate "2025.05.29"]
[EventType "swiss (blitz)"]
[EventRounds "13"]
[EventCountry "AUT"]
[SourceTitle "CB23_2025"]
[SourceDate "2025.06.04"]
[SourceVersion "1"]
[SourceVersionDate "2025.06.04"]
[SourceQuality "1"]

1. c4 e6 2. Nf3 Nf6 3. g3 b6 4. Bg2 Bb7 5. 0-0 Be7 6. b3 0-0 7. Bb2 d6 8. e3 Nbd7 9. Qe2 a5 10. Nc3 Re8 11. d3 Nf8 12. Rfd1 Qc8 13. Rac1 N6d7 14. d4 Bf6 15. e4 e5 16. Nd5 exd4 17. Nxd4 Bxd4 18. Bxd4 Ne6 19. Bb2 Nec5 20. Qc2 Qd8 21. h3 Bxd5 22. cxd5 Qg5 23. Kh2 Qg6 24. f3 h5 25. h4 Ne5 26. Bd4 Re7 27. Rd2 Rf8 28. Bxe5 Rxe5 29. Bh3 Qf6 30. Rf1 g5 31. hxg5 Rxg5 32. f4 Rg7 33. Bf5 Re8 34. Re2 Qd4 35. Rd1 Qf6 36. Qd2 Qh6 37. Qe3 Qf6 38. Qf3 Qh6 39. a3 Re7 40. b4 axb4 41. axb4 Nd7 42. Rh1 Nf6 43. Kg2 Kf8 44. Kf1 Rg8 45. Rh4 Qg7 46. Kg2 Rh8 47. e5 dxe5 48. fxe5 Ng8 49. d6 cxd6 50. exd6 Rxe2+ 51. Qxe2 Qc3 52. d7 Qc6+ 53. Qf3 Qd6 54. Qa8+ Kg7 55. d8Q Qd2+ 56. Qxd2 1-0

[Event "PlusCity Grand Prix Blitz"]
[Site "Pasching"]
[Date "2025.05.29"]
[Round "9"]
[White "Lagno, Kateryna"]
[Black "Iturrizaga Bonelli, Eduardo"]
[Result "1-0"]
[WhiteElo "2516"]
[BlackElo "2578"]
[PlyCount "59"]
[EventDate "2025.05.29"]
[EventType "swiss (blitz)"]
[EventRounds "13"]
[EventCountry "AUT"]
[SourceTitle "CB23_2025"]
[SourceDate "2025.06.04"]
[SourceVersion "1"]
[SourceVersionDate "2025.06.04"]
[SourceQuality "1"]

1. e4 c5 2. Nf3 a6 3. Nc3 Nc6 4. d4 cxd4 5. Nxd4 d6 6. Nxc6 bxc6 7. Bd3 Nf6 8. 0-0 g6 9. Bg5 Bg7 10. Qd2 0-0 11. Bh6 Bxh6 12. Qxh6 Qa5 13. h3 Rb8 14. Rab1 Be6 15. Qe3 Nd7 16. a3 Ne5 17. f4 Nxd3 18. cxd3 Bb3 19. Rf2 d5 20. f5 Qb6 21. d4 dxe4 22. f6 exf6 23. Nxe4 f5 24. Nf6+ Kg7 25. Qe5 Qb5 26. Ne8+ Kh6 27. Qg7+ Kg5 28. Qxf8 Qb7 29. Re1 Bd5 30. Qd6 1-0